000 00588nam a22002177a 4500
003 ITZ
005 20240409102729.0
008 240409b |||||||| |||| 00| 0 spa d
020 _a978-607-32-0723-2
035 _a17740
041 _aSPA
050 _aHA29
_bL665 2010
082 _a519.5
_bL176e 2010
100 1 _aLevin, Richard I.
245 _aEstadística para administración y economía
_cLevin Richard I.
250 _a7 Ed. revisada
260 _aMéxico:
_bPearson Educacion,
_c2010
300 _axiv, 799 p.
_bil. /
_c27 cm.
650 _a1. ESTADISTICA
942 _cBK
999 _c29356
_d29356